000 00564nam a2200241Ia 4500
005 20260320201053.0
008 008 262003s9999 xx 000 0 eng d
037 _aEBOOK
040 _aCRL
040 _beng
040 _cCRL
041 _2eng
041 _aeng
084 _qCRL
100 _aYarali
_91134126
245 0 _aIntelligent Connectivity: AI, IoT, and 5G
260 _bIEEE
260 _c2022
856 _uhttps://ieeexplore.ieee.org/servlet/opac?bknumber=9622345
942 _cEBOOK
999 _c1718660
_d1718660